[Event "Olympiad Women-43"]
[Site "Batumi"]
[Date "2018.10.03"]
[Round "9.1"]
[White "Shamima, Akter Liza"]
[Black "Gomez Barrera, Javiera Belen"]
[Result "0-1"]
[WhiteElo "2152"]
[BlackElo "2035"]
[PlyCount "88"]
[EventDate "2018.09.24"]
[EventType "team-swiss"]
[EventRounds "11"]
[EventCountry "GEO"]
[SourceTitle "EXT 2020"]
[Source "ChessBase"]
[SourceDate "2019.10.17"]
[SourceVersion "1"]
[SourceVersionDate "2019.10.17"]
[SourceQuality "1"]
[WhiteTeam "Bangladesh (W)"]
[BlackTeam "Chile (W)"]
[WhiteTeamCountry "BAN"]
[BlackTeamCountry "CHI"]

1. d4 Nf6 2. Bf4 g6 3. Nc3 d5 4. e3 Bg7 5. h4 c6 6. h5 Nxh5 7. Rxh5 gxh5 8. Qxh5 Nd7 9. Bd3 Nf6 10. Qh4 Bg4 11. Be5 Qc8 12. f3 Bf5 13. g4 Bxd3 14. cxd3 h6 15. Nge2 Kf8 16. Ng3 Ne8 17. Nf5 Qe6 18. Nxg7 Nxg7 19. f4 f6 20. f5 Qg8 21. Bf4 h5 22. g5 Nxf5 23. Qf2 Qe6 24. 0-0-0 Ke8 25. gxf6 exf6 26. e4 Ne7 27. Re1 Qd7 28. exd5 cxd5 29. Kb1 Rh7 30. Qe2 Rc8 31. Qf3 Kd8 32. Qg3 Qg4 33. Qe3 Qd7 34. Bh2 b5 35. Ne2 Nf5 36. Qf2 Re7 37. Rg1 Rg7 38. Rf1 Re7 39. Nc3 b4 40. Nd1 Qc6 41. a3 Qc1+ 42. Ka2 b3+ 43. Kxb3 Rb7+ 44. Ka2 Rc2 0-1

[Event "Olympiad Women-43"]
[Site "Batumi"]
[Date "2018.09.30"]
[Round "6.28"]
[White "Shamima, Akter Liza"]
[Black "Gray, Krishna"]
[Result "1/2-1/2"]
[WhiteElo "2152"]
[BlackElo "1693"]
[PlyCount "79"]
[EventDate "2018.09.24"]
[EventType "team-swiss"]
[EventRounds "11"]
[EventCountry "GEO"]
[SourceTitle "EXT 2020"]
[Source "ChessBase"]
[SourceDate "2019.10.17"]
[SourceVersion "1"]
[SourceVersionDate "2019.10.17"]
[SourceQuality "1"]
[WhiteTeam "Bangladesh (W)"]
[BlackTeam "Jamaica (W)"]
[WhiteTeamCountry "BAN"]
[BlackTeamCountry "JAM"]

1. d4 d5 2. c4 e6 3. Nc3 Nf6 4. Bg5 c6 5. e3 Be7 6. Qc2 0-0 7. Nf3 Nbd7 8. Rc1 Re8 9. a3 a5 10. cxd5 exd5 11. Bd3 Nf8 12. 0-0 Bd6 13. h3 g6 14. Rfe1 Ne6 15. Bh4 Ng7 16. Rcd1 Bf5 17. e4 dxe4 18. Nxe4 Be7 19. Nxf6+ Bxf6 20. Bxf6 Qxf6 21. Rxe8+ Rxe8 22. Ne5 Bxd3 23. Qxd3 Nf5 24. Ng4 Qd6 25. Qd2 Re4 26. Qxa5 Rxd4 27. Re1 Kg7 28. Qc3 Qd5 29. Ne3 Qd6 30. Nc2 Kf8 31. g4 Nh4 32. Nxd4 Qd5 33. Kf1 Ng2 34. Rc1 Kg8 35. Nf3 Nf4 36. Qe1 Qxf3 37. Qe8+ Kg7 38. Qe5+ Kg8 39. Qe8+ Kg7 40. Qe5+ 1/2-1/2

[Event "Lisbon Portugal op"]
[Site "Lisbon"]
[Date "2018.02.06"]
[Round "6"]
[White "Klasan, Vladimir"]
[Black "Shamima, Akter Liza"]
[Result "1-0"]
[WhiteElo "2381"]
[BlackElo "2160"]
[PlyCount "75"]
[EventDate "2018.02.03"]
[EventType "swiss"]
[EventRounds "9"]
[EventCountry "POR"]
[SourceTitle "CBM 182 Extra"]
[Source "ChessBase"]
[SourceDate "2018.02.23"]
[SourceVersion "1"]
[SourceVersionDate "2018.02.23"]
[SourceQuality "1"]

1. e4 c6 2. d4 d5 3. Nc3 dxe4 4. Nxe4 Bf5 5. Ng3 Bg6 6. h4 h6 7. Nf3 Nd7 8. h5 Bh7 9. Bd3 Bxd3 10. Qxd3 e6 11. Bd2 Ngf6 12. 0-0-0 Be7 13. Ne4 Nxe4 14. Qxe4 Nf6 15. Qd3 Ng4 16. Qe2 Qd5 17. c4 Qf5 18. Ne5 Nxe5 19. dxe5 0-0-0 20. g4 Qd3 21. Qxd3 Rxd3 22. Be3 Rxd1+ 23. Rxd1 b6 24. Kc2 Rd8 25. Rxd8+ Kxd8 26. Kd3 Kd7 27. f4 Bf8 28. Ke4 c5 29. a4 a5 30. f5 Ke8 31. Bf4 Kd7 32. g5 g6 33. fxg6 fxg6 34. gxh6 gxh5 35. h7 Bg7 36. Bg5 Ke8 37. Bf6 Kf7 38. h8Q 1-0

[Event "BAN-chT"]
[Site "Dhaka"]
[Date "2017.12.12"]
[Round "4.4"]
[White "Md, Sharif Hossain"]
[Black "Shamima, Akter Liza"]
[Result "1-0"]
[WhiteElo "2217"]
[BlackElo "2207"]
[PlyCount "123"]
[EventDate "2017.12.09"]
[EventType "team-tourn"]
[EventRounds "11"]
[EventCountry "BAN"]
[SourceTitle "CBM 182 Extra"]
[Source "ChessBase"]
[SourceDate "2018.02.23"]
[SourceVersion "1"]
[SourceVersionDate "2018.02.23"]
[SourceQuality "1"]
[WhiteTeam "Bangladesh Navy"]
[BlackTeam "Bengal"]
[WhiteTeamCountry "BAN"]
[BlackTeamCountry "BAN"]

1. e4 c6 2. d4 d5 3. Nd2 dxe4 4. Nxe4 Bf5 5. Ng3 Bg6 6. h4 h6 7. Nf3 Nd7 8. h5 Bh7 9. Bd3 Bxd3 10. Qxd3 e6 11. Bd2 Ngf6 12. 0-0-0 Be7 13. Ne4 0-0 14. Kb1 c5 15. Nxf6+ Nxf6 16. g4 Nxg4 17. Qe2 Qb6 18. Rdg1 f5 19. Ne5 Nxe5 20. dxe5 f4 21. Rg6 Rf5 22. Qc4 Kf7 23. Bxf4 Bf8 24. Qe4 Qc6 25. Qxf5+ exf5 26. Rxc6 bxc6 27. Rd1 Ke6 28. Kc1 Rb8 29. c4 Re8 30. b3 Kf7 31. Bh2 g5 32. hxg6+ Kxg6 33. f4 Be7 34. Rg1+ Kf7 35. Kd2 Rd8+ 36. Ke3 Rd4 37. Bg3 Bd8 38. Be1 Rd1 39. Bf2 Rd4 40. Kf3 Rd2 41. Bxc5 Rxa2 42. Rd1 Ke8 43. Rd6 h5 44. Rh6 Bb6 45. Bxb6 axb6 46. Rxc6 h4 47. Rxb6 Rb2 48. b4 Rb3+ 49. Kg2 Rg3+ 50. Kf2 Rg4 51. Ke3 Rg3+ 52. Kd4 Rf3 53. Rh6 Rxf4+ 54. Kd5 Rg4 55. b5 Kd7 56. Rh7+ Kc8 57. c5 f4 58. Rh8+ Kb7 59. c6+ Kc7 60. Rh7+ Kc8 61. Rh8+ Kc7 62. Kc5 1-0

[Event "BAN-ch 43rd"]
[Site "Dhaka"]
[Date "2017.11.24"]
[Round "4"]
[White "Mehdi, Hasan Parag"]
[Black "Shamima, Akter Liza"]
[Result "1-0"]
[WhiteElo "2227"]
[BlackElo "2173"]
[PlyCount "97"]
[EventDate "2017.11.21"]
[EventType "tourn"]
[EventRounds "13"]
[EventCountry "BAN"]
[EventCategory "1"]
[SourceTitle "CBM 181 Extra"]
[Source "ChessBase"]
[SourceDate "2017.12.12"]
[SourceVersion "1"]
[SourceVersionDate "2017.12.12"]
[SourceQuality "1"]

1. c4 b6 2. d4 e6 3. Nf3 Bb7 4. g3 Nf6 5. Bg2 c5 6. d5 b5 7. Ne5 Qc7 8. Bf4 g5 9. Ng4 gxf4 10. Nxf6+ Kd8 11. Nc3 Qe5 12. Nfe4 b4 13. Na4 Na6 14. dxe6 fxe6 15. Ng5 Kc7 16. Nf7 Qf6 17. Bxb7 Kxb7 18. Nxh8 Rd8 19. Qd3 Qxh8 20. Qe4+ d5 21. Qxe6 Nc7 22. Qf7 Bd6 23. cxd5 Rf8 24. Qd7 Qe5 25. Qc6+ Kc8 26. Nxc5 fxg3 27. Qb7+ Kd8 28. Qb8+ Ke7 29. Qxf8+ Kxf8 30. Nd7+ Ke7 31. Nxe5 gxf2+ 32. Kxf2 Bxe5 33. e4 Bxb2 34. Rad1 Nb5 35. Kf3 a5 36. Rhg1 a4 37. Rg2 Bc3 38. Kf4 Kd6 39. Rg8 Be5+ 40. Kf5 Nd4+ 41. Rxd4 Bxd4 42. Ra8 a3 43. Rb8 Bc3 44. Rb5 h5 45. h4 Ke7 46. e5 Kd7 47. Kf6 Be1 48. Kf7 Bxh4 49. Rxb4 1-0

[Event "BAN-chB 43rd"]
[Site "Dhaka"]
[Date "2017.11.15"]
[Round "9"]
[White "Abu Sufian, Sakil"]
[Black "Shamima, Akter Liza"]
[Result "1/2-1/2"]
[WhiteElo "2322"]
[BlackElo "2173"]
[PlyCount "39"]
[EventDate "2017.11.07"]
[EventType "swiss"]
[EventRounds "11"]
[EventCountry "BAN"]
[SourceTitle "CBM 181 Extra"]
[Source "ChessBase"]
[SourceDate "2017.12.12"]
[SourceVersion "1"]
[SourceVersionDate "2017.12.12"]
[SourceQuality "1"]

1. e4 c6 2. Nc3 d5 3. Nf3 Bg4 4. h3 Bxf3 5. Qxf3 e6 6. d3 Nf6 7. Bd2 Nbd7 8. g4 h6 9. a3 Bd6 10. d4 dxe4 11. Nxe4 Nxe4 12. Qxe4 Nf6 13. Qd3 Qc7 14. Bg2 Nd5 15. c4 Nf4 16. Bxf4 Bxf4 17. 0-0 0-0 18. Rfd1 Rad8 19. Qe4 Bg5 20. Rd3 1/2-1/2

[Event "BAN-chB 43rd"]
[Site "Dhaka"]
[Date "2017.11.13"]
[Round "7"]
[White "Shamima, Akter Liza"]
[Black "Mehdi, Hasan Parag"]
[Result "0-1"]
[WhiteElo "2173"]
[BlackElo "2227"]
[PlyCount "62"]
[EventDate "2017.11.07"]
[EventType "swiss"]
[EventRounds "11"]
[EventCountry "BAN"]
[SourceTitle "CBM 181 Extra"]
[Source "ChessBase"]
[SourceDate "2017.12.12"]
[SourceVersion "1"]
[SourceVersionDate "2017.12.12"]
[SourceQuality "1"]

1. d4 d5 2. c4 e6 3. Nc3 Bb4 4. Nf3 Nf6 5. Qa4+ Nc6 6. Ne5 Bd7 7. Nxd7 Qxd7 8. a3 Be7 9. e3 a6 10. cxd5 exd5 11. Bd3 0-0 12. 0-0 Bd6 13. Qc2 Ne7 14. Bd2 c6 15. b4 Nc8 16. Na4 b5 17. Nc5 Qc7 18. g3 Re8 19. Rfe1 h6 20. e4 Bxc5 21. dxc5 dxe4 22. Bxe4 Nxe4 23. Rxe4 Rxe4 24. Qxe4 Ne7 25. a4 bxa4 26. Rxa4 Nd5 27. b5 cxb5 28. Qxd5 Rd8 29. Qa2 bxa4 30. Be3 Qc6 31. Qc2 a3 0-1

[Event "BAN-chB 43rd"]
[Site "Dhaka"]
[Date "2017.11.08"]
[Round "2"]
[White "Islam, Sheik Md Khairul"]
[Black "Shamima, Akter Liza"]
[Result "0-1"]
[WhiteElo "1935"]
[BlackElo "2173"]
[PlyCount "76"]
[EventDate "2017.11.07"]
[EventType "swiss"]
[EventRounds "11"]
[EventCountry "BAN"]
[SourceTitle "CBM 181 Extra"]
[Source "ChessBase"]
[SourceDate "2017.12.12"]
[SourceVersion "1"]
[SourceVersionDate "2017.12.12"]
[SourceQuality "1"]

1. e4 c5 2. Nf3 e6 3. c4 a6 4. Nc3 b6 5. d4 cxd4 6. Nxd4 Bb7 7. Be3 Qc7 8. Qd2 Nc6 9. f3 Be7 10. 0-0-0 Nf6 11. Nc2 d6 12. Qf2 Nd7 13. g4 Nce5 14. Rd4 0-0 15. Be2 Nc6 16. Rd2 Na5 17. Qf1 Rac8 18. b3 b5 19. g5 bxc4 20. b4 Nb3+ 21. Kb2 Nxd2 22. Bxd2 d5 23. h4 Qb6 24. Be3 Qc7 25. h5 Bc6 26. Qh3 Ne5 27. g6 Nd3+ 28. Bxd3 cxd3 29. gxh7+ Kxh7 30. h6 g6 31. Nd4 Bd7 32. Rc1 Qb7 33. a3 Bxb4 34. axb4 Qxb4+ 35. Nb3 Rb8 36. Qh2 Qxb3+ 37. Ka1 Rfc8 38. Bd4 Qa3+ 0-1

[Event "Asia-chT blitz (Women) 5th"]
[Site "Ashkhabad"]
[Date "2017.09.27"]
[Round "1.2"]
[White "Shamima, Akter Liza"]
[Black "Sachdev, Tania"]
[Result "0-1"]
[WhiteElo "2136"]
[BlackElo "2391"]
[PlyCount "86"]
[EventDate "2017.09.27"]
[EventType "team-swiss (blitz)"]
[EventRounds "5"]
[EventCountry "TKM"]
[SourceTitle "EXT 2018"]
[Source "ChessBase"]
[SourceDate "2017.10.13"]
[SourceVersion "1"]
[SourceVersionDate "2017.10.13"]
[SourceQuality "1"]
[WhiteTeam "Bangladesh"]
[BlackTeam "India"]
[WhiteTeamCountry "BAN"]
[BlackTeamCountry "IND"]

1. d4 Nf6 2. c4 e6 3. Nc3 Bb4 4. Qc2 0-0 5. e4 d5 6. e5 Ne4 7. Bd3 c5 8. Nf3 Nc6 9. a3 cxd4 10. axb4 Nxb4 11. Qe2 Nxd3+ 12. Qxd3 dxc3 13. bxc3 Nc5 14. Qc2 dxc4 15. 0-0 Nb3 16. Rb1 Nxc1 17. Qxc1 a6 18. Rd1 Qe7 19. Qf4 b5 20. Ng5 Bb7 21. Rd6 Rfd8 22. Rbd1 Bd5 23. Ne4 Rxd6 24. exd6 Qb7 25. f3 h6 26. Nc5 Qc6 27. Ne4 Rd8 28. Qe5 f5 29. Ng3 Qxd6 30. Qd4 Rc8 31. h4 Qc5 32. Kf2 Qxd4+ 33. Rxd4 a5 34. Ke3 a4 35. Rd1 Rb8 36. Ne2 b4 37. Rb1 b3 38. Nc1 a3 39. Kd2 b2 40. Na2 Bc6 41. Nb4 Ba4 42. g3 Rxb4 43. cxb4 a2 0-1

[Event "BAN-ch (Women) 37th"]
[Site "Dhaka"]
[Date "2017.08.28"]
[Round "9"]
[White "Parveen, Tanima"]
[Black "Shamima, Akter Liza"]
[Result "1/2-1/2"]
[WhiteElo "2031"]
[BlackElo "2141"]
[PlyCount "138"]
[EventDate "2017.08.20"]
[EventType "swiss"]
[EventRounds "9"]
[EventCountry "BAN"]
[SourceTitle "CBM 180 Extra"]
[Source "ChessBase"]
[SourceDate "2017.10.06"]
[SourceVersion "1"]
[SourceVersionDate "2017.10.06"]
[SourceQuality "1"]

1. e4 c5 2. c3 d5 3. exd5 Qxd5 4. d4 g6 5. Nf3 Bg7 6. Be2 cxd4 7. cxd4 Nf6 8. Nc3 Qd6 9. 0-0 0-0 10. h3 Na6 11. a3 Nc7 12. Be3 Ncd5 13. Qd2 Nxe3 14. Qxe3 Be6 15. Rfd1 Nd5 16. Nxd5 Bxd5 17. Rac1 Rac8 18. Ne5 Rxc1 19. Rxc1 Rd8 20. Bf3 e6 21. Bxd5 Qxd5 22. Rc7 Qxd4 23. Qxd4 Rxd4 24. Nxf7 Rd1+ 25. Kh2 Rd2 26. Rxb7 Rxf2 27. Ng5 Be5+ 28. Kg1 Rxb2 29. Rxb2 Bxb2 30. a4 e5 31. Kf2 h6 32. Ne4 Kf7 33. Ke3 Ke6 34. Kd3 Kd5 35. Nf6+ Kc5 36. Kc2 Bd4 37. Kb3 h5 38. g3 Bg1 39. Kc3 Bd4+ 40. Kb3 a5 41. g4 hxg4 42. hxg4 Be3 43. Kc3 Bg1 44. Ne4+ Kd5 45. Nf6+ Ke6 46. Ne4 Kd5 47. Nf6+ Kc5 48. Ne4+ Kd5 49. Nf6+ Ke6 50. Ne4 Bb6 51. Kc4 Be3 52. Kd3 Bd4 53. Kc4 Be3 54. Kd3 Bb6 55. Kc4 Bd8 56. Kc5 Be7+ 57. Kc4 Bb4 58. Ng5+ Kd6 59. Nf7+ Ke6 60. Ng5+ Kf6 61. Ne4+ Ke6 62. Ng5+ Kd6 63. Nf7+ Ke6 64. Ng5+ Kf6 65. Ne4+ Ke6 66. Ng5+ Kd6 67. Nf7+ Ke6 68. Ng5+ Kf6 69. Ne4+ Ke6 1/2-1/2

[Event "BAN-ch (Women) 37th"]
[Site "Dhaka"]
[Date "2017.08.26"]
[Round "7"]
[White "Shamima, Akter Liza"]
[Black "Khan, Nazrana"]
[Result "1-0"]
[WhiteElo "2141"]
[BlackElo "1851"]
[PlyCount "193"]
[EventDate "2017.08.20"]
[EventType "swiss"]
[EventRounds "9"]
[EventCountry "BAN"]
[SourceTitle "CBM 180 Extra"]
[Source "ChessBase"]
[SourceDate "2017.10.06"]
[SourceVersion "1"]
[SourceVersionDate "2017.10.06"]
[SourceQuality "1"]

1. e4 c5 2. Nf3 e6 3. d4 cxd4 4. Nxd4 Nc6 5. Nc3 a6 6. Nxc6 bxc6 7. Bd3 Nf6 8. Qf3 Bd6 9. 0-0 Qc7 10. g3 Be7 11. Re1 e5 12. Bc4 d6 13. Qe2 0-0 14. Be3 Ng4 15. Bd2 Kh8 16. f3 Nf6 17. Be3 Bb7 18. Rad1 Nd7 19. Na4 a5 20. Qd3 Qc8 21. Qb3 Kg8 22. Bf1 Qc7 23. Bh3 Bc8 24. Bf1 Ba6 25. c4 c5 26. Bh3 Rab8 27. Qc3 Nf6 28. b3 Bc8 29. Bxc8 Rbxc8 30. Qd2 Ra8 31. Nc3 Qc6 32. a4 Ne8 33. Nd5 Bd8 34. Qd3 Rb8 35. Bd2 Kh8 36. Rb1 Qd7 37. Ne3 Qe6 38. Bc3 Kg8 39. Red1 Ra8 40. Rb2 Ra6 41. Nd5 Ra7 42. Ne3 Ra6 43. Rg2 g6 44. g4 Ra8 45. Nd5 Ng7 46. Ne3 Be7 47. Nd5 Bd8 48. Qd2 Ne8 49. Qe1 Nf6 50. Ne3 Ne8 51. h4 Qf6 52. Qd2 Rb8 53. g5 Qe6 54. Rb1 Ng7 55. Ng4 Nh5 56. Qe2 Ra8 57. Rd1 Bc7 58. Rf2 Rfb8 59. Rb1 Bd8 60. Rff1 Kf8 61. Rfd1 Bc7 62. Qh2 Qe7 63. Ne3 Qe6 64. Nd5 Bd8 65. Rd3 Rb7 66. Bd2 Rbb8 67. Kf2 Kg7 68. Ke2 Qd7 69. Kd1 f5 70. gxf6+ Nxf6 71. Ne3 Nh5 72. Ng4 Qe6 73. Kc2 Qf7 74. Rf1 Nf4 75. Rc3 Qf8 76. Ne3 Ne6 77. Qg2 Nd4+ 78. Kd3 Rxb3 79. h5 Rb2 80. hxg6 hxg6 81. Nd1 Rb1 82. f4 Nb3 83. f5 Qf6 84. Be3 Nd4 85. Qh3 g5 86. Rh1 Rxd1+ 87. Rxd1 Qh6 88. Qg2 Bc7 89. Rh1 Qf6 90. Qh3 Kg8 91. Bxd4 exd4 92. Rb3 Kf7 93. Qh5+ Kf8 94. Rb7 Bd8 95. Qh6+ Qxh6 96. Rxh6 Ke8 97. Rhh7 1-0

[Event "BAN-ch (Women) 37th"]
[Site "Dhaka"]
[Date "2017.08.23"]
[Round "4"]
[White "Syeda Fahmida, Malek"]
[Black "Shamima, Akter Liza"]
[Result "0-1"]
[WhiteElo "1562"]
[BlackElo "2141"]
[PlyCount "66"]
[EventDate "2017.08.20"]
[EventType "swiss"]
[EventRounds "9"]
[EventCountry "BAN"]
[SourceTitle "CBM 180 Extra"]
[Source "ChessBase"]
[SourceDate "2017.10.06"]
[SourceVersion "1"]
[SourceVersionDate "2017.10.06"]
[SourceQuality "1"]

1. e4 c5 2. Nf3 e6 3. d4 cxd4 4. Nxd4 a6 5. Nc3 Qc7 6. Bd3 Nf6 7. 0-0 Nc6 8. Nb3 b5 9. a3 Bb7 10. Be3 Ne5 11. f4 Nc4 12. Bd4 d6 13. Bxf6 gxf6 14. Bxc4 bxc4 15. Nd2 h5 16. Kh1 Be7 17. f5 Kd7 18. e5 fxe5 19. f6 Rag8 20. Nde4 Bf8 21. h4 Rg4 22. Qe1 Bxe4 23. Nxe4 Qc6 24. Ng3 Rxh4+ 25. Kg1 Rg4 26. Rf3 h4 27. Nf1 Qxf3 28. Qf2 Qxf2+ 29. Kxf2 d5 30. g3 hxg3+ 31. Nxg3 Rh2+ 32. Kf3 Rf4+ 33. Ke3 Bc5# 0-1

[Event "Dhaka Powertec op-A"]
[Site "Dhaka"]
[Date "2017.07.23"]
[Round "9"]
[White "Rahman, Ziaur"]
[Black "Shamima, Akter Liza"]
[Result "1-0"]
[WhiteElo "2527"]
[BlackElo "2072"]
[PlyCount "63"]
[EventDate "2017.07.15"]
[EventType "swiss"]
[EventRounds "9"]
[EventCountry "BAN"]
[SourceTitle "EXT 2018"]
[Source "ChessBase"]
[SourceDate "2017.10.13"]
[SourceVersion "1"]
[SourceVersionDate "2017.10.13"]
[SourceQuality "1"]

1. Nf3 d5 2. g3 Bg4 3. Bg2 e6 4. c4 c6 5. cxd5 exd5 6. 0-0 Nf6 7. Qb3 Qc8 8. d3 Be7 9. Nc3 Nbd7 10. e4 Nc5 11. Qc2 0-0 12. Nd4 Ne6 13. Nxe6 Qxe6 14. Re1 dxe4 15. dxe4 Bh3 16. Bh1 Bb4 17. a3 Ba5 18. b4 Bc7 19. Na4 a5 20. Nc5 Qc8 21. Bb2 Ng4 22. e5 axb4 23. axb4 Rxa1 24. Bxa1 Re8 25. e6 fxe6 26. Be4 e5 27. Bf5 Qd8 28. Bxg4 Bxg4 29. Qc4+ Qd5 30. Qxg4 b6 31. Ne4 Rf8 32. Bc3 1-0

[Event "Dhaka SGS op"]
[Site "Dhaka"]
[Date "2017.06.10"]
[Round "8"]
[White "Sultana, Sharmin Shirin"]
[Black "Shamima, Akter Liza"]
[Result "0-1"]
[WhiteElo "1976"]
[BlackElo "2073"]
[PlyCount "140"]
[EventDate "2017.06.03"]
[EventType "swiss"]
[EventRounds "9"]
[EventCountry "BAN"]
[SourceTitle "EXT 2024"]
[Source "ChessBase"]
[SourceDate "2023.10.10"]
[SourceVersion "1"]
[SourceVersionDate "2023.10.10"]
[SourceQuality "1"]

1. d4 Nf6 2. Nf3 e6 3. c4 b6 4. Nc3 Bb7 5. Qc2 Bb4 6. a3 Bxc3+ 7. Qxc3 Ne4 8. Qc2 0-0 9. e3 d6 10. Bd3 f5 11. 0-0 Nd7 12. Nd2 Nxd2 13. Bxd2 Qg5 14. f3 e5 15. Rae1 a5 16. Bc3 Qh5 17. Qa4 Qf7 18. c5 bxc5 19. dxe5 Nb6 20. Qc2 c4 21. Be2 d5 22. f4 Nd7 23. e4 dxe4 24. Bd4 Bd5 25. Rc1 Nb6 26. Bxb6 cxb6 27. Bxc4 Rfc8 28. Bxd5 Qxd5 29. Qf2 Qb3 30. Qd4 Rd8 31. Qc3 Rd3 32. Qxb3+ Rxb3 33. Rfd1 Ra7 34. Rc2 Kf7 35. Kf2 h6 36. Rd6 b5 37. Ke2 b4 38. a4 Ke7 39. Rg6 Kf7 40. Rd6 Ke7 41. Rg6 Kf7 42. Rd6 Ke8 43. Rd5 Ke7 44. Rcd2 Ra6 45. Rd7+ Kf8 46. Rc7 Kg8 47. Kd1 h5 48. Rc5 Kf7 49. Kc2 Re3 50. b3 Ra7 51. Kb2 Ke7 52. Rc6 h4 53. h3 Rg3 54. Rc5 g5 55. fxg5 Rxg5 56. Rc8 Rd7 57. Rdc2 f4 58. R8c4 Rxe5 59. Re2 Kf6 60. Rcxe4 Rxe4 61. Rxe4 Rd2+ 62. Kc1 Rf2 63. Rc4 Ke5 64. Rc8 Rxg2 65. Rh8 f3 66. Kd1 Kf4 67. Rxh4+ Ke3 68. Rh8 Rg1+ 69. Kc2 f2 70. Re8+ Kf3 0-1

[Event "Dhaka SGS op"]
[Site "Dhaka"]
[Date "2017.06.06"]
[Round "4"]
[White "Shamima, Akter Liza"]
[Black "Golam Rasul, Bhuiyan"]
[Result "1-0"]
[WhiteElo "2073"]
[BlackElo "1824"]
[PlyCount "69"]
[EventDate "2017.06.03"]
[EventType "swiss"]
[EventRounds "9"]
[EventCountry "BAN"]
[SourceTitle "EXT 2019"]
[Source "ChessBase"]
[SourceDate "2018.10.10"]
[SourceVersion "1"]
[SourceVersionDate "2018.10.10"]
[SourceQuality "1"]

1. e4 e5 2. Nf3 Nc6 3. Bb5 Be7 4. 0-0 d6 5. c3 a6 6. Ba4 b5 7. Bb3 Na5 8. Bc2 Bg4 9. d4 Bf6 10. d5 Ne7 11. Nbd2 Ng6 12. a4 0-0 13. b4 Nb7 14. axb5 axb5 15. Rxa8 Qxa8 16. h3 Bd7 17. Re1 Qc8 18. Nf1 Be7 19. Ng3 Bh4 20. Nxh4 Nxh4 21. Qh5 Ng6 22. Nf5 c5 23. dxc6 Qxc6 24. Bd2 Ra8 25. Bb3 Be6 26. Bxe6 fxe6 27. Qxg6 exf5 28. Qe6+ Kh8 29. exf5 Qc7 30. Qd5 Qb6 31. Be3 Qa6 32. Qf7 Qc6 33. f6 gxf6 34. Bh6 Qe8 35. Qg7# 1-0

[Event "World-ch (Women) k.o."]
[Site "Tehran"]
[Date "2017.02.12"]
[Round "1.2"]
[White "Harika, Dronavalli"]
[Black "Shamima, Akter Liza"]
[Result "1/2-1/2"]
[WhiteElo "2539"]
[BlackElo "2077"]
[PlyCount "76"]
[EventDate "2017.02.11"]
[EventType "k.o."]
[EventRounds "7"]
[EventCountry "IRI"]
[SourceTitle "CBM 177"]
[Source "ChessBase"]
[SourceDate "2017.03.16"]
[SourceVersion "1"]
[SourceVersionDate "2017.03.16"]
[SourceQuality "1"]

1. Nf3 d5 2. g3 Nf6 3. Bg2 c5 4. c4 d4 5. e3 Nc6 6. exd4 cxd4 7. 0-0 e5 8. d3 Bd6 9. Bg5 0-0 10. a3 a5 11. Nbd2 h6 12. Bxf6 Qxf6 13. Ne4 Qd8 14. Nxd6 Qxd6 15. Re1 Re8 16. Qc2 Be6 17. Nd2 a4 18. Rac1 f6 19. Qd1 Qc7 20. Be4 f5 21. Bd5 Qf7 22. Bxc6 bxc6 23. Rxe5 Bd7 24. Rxe8+ Rxe8 25. Qf3 Qe7 26. c5 f4 27. gxf4 Rf8 28. Kh1 Be6 29. Ne4 Bd5 30. Rg1 Qxc5 31. Qg3 Qe7 32. f3 Rf7 33. Qg4 Qf8 34. Rg3 Rxf4 35. Qh5 Rf5 36. Qh3 Rf4 37. Qh5 Rf5 38. Qh3 Rf4 1/2-1/2